Business law: the ethical, global and e-commerce environment. / (Record no. 8611)
[ view plain ]
| 000 -LEADER | |
|---|---|
| fixed length control field | 02841nam a22002537a 4500 |
| 003 - CONTROL NUMBER IDENTIFIER | |
| control field | OSt |
| 005 - DATE AND TIME OF LATEST TRANSACTION | |
| control field | 20220204104752.0 |
| 008 - FIXED-LENGTH DATA ELEMENTS--GENERAL INFORMATION | |
| fixed length control field | 120705t xxu||||| |||| 00| 0 eng d |
| 010 ## - LIBRARY OF CONGRESS CONTROL NUMBER | |
| LC control number | 2011046954 |
| 020 ## - INTERNATIONAL STANDARD BOOK NUMBER | |
| International Standard Book Number | 9780073524986 |
| 020 ## - INTERNATIONAL STANDARD BOOK NUMBER | |
| International Standard Book Number | 0073524980 |
| 040 ## - CATALOGING SOURCE | |
| Transcribing agency | LC |
| 050 ## - LIBRARY OF CONGRESS CALL NUMBER | |
| Classification number | KF888.B97 |
| 082 ## - DEWEY DECIMAL CLASSIFICATION NUMBER | |
| Edition number | 346.7307 |
| 245 ## - TITLE STATEMENT | |
| Title | Business law: the ethical, global and e-commerce environment. / |
| Statement of responsibility, etc. | Jane P. Mallor ...[et al.] |
| 250 ## - EDITION STATEMENT | |
| Edition statement | 15th ed. |
| 260 ## - PUBLICATION, DISTRIBUTION, ETC. | |
| Place of publication, distribution, etc. | New York: |
| Name of publisher, distributor, etc. | McGraw-Hill, |
| Date of publication, distribution, etc. | 2013. |
| 300 ## - PHYSICAL DESCRIPTION | |
| Extent | xl, 1417 p. + [various pagings].: |
| Dimensions | 26cm. |
| Other physical details | ill. ; |
| 500 ## - GENERAL NOTE | |
| General note | Includes index. |
| 505 ## - FORMATTED CONTENTS NOTE | |
| Formatted contents note | Contents: Foundations of American law: The nature of law -- The resolution of private disputes -- Business and the constitution -- Business ethics, corporate social responsibility, corporate governance and critical thinking -- Crimes and tortes: Criminal law and procedure -- Intentional torts -- Negligence and strict liability -- Intellectual property and unfair competition -- Contracts: Introduction to contracts -- The agreement: offer -- The agreement: acceptance -- Consideration -- Reality of consent -- Capacity to contract -- Illegality -- Writing -- Rights of third parties -- Performance and remedies -- Sales: Formation and terms of sales contracts -- Product liability -- Performance of sales contracts -- Remedies for breach of sales contracts -- Property: Personal property and bailments -- Real property -- Landlord and tenant -- Estates and trusts -- Insurance law -- Credit: Introduction to credit and secured transactions -- Security interests in personal property -- Bankruptcy -- Commercial paper: Negotiable instruments -- Negotiation and holder in due course -- Liability of parties -- Checks and electronic transfers -- Agency law: The agency relationship --Third-party relations of the principal and the agent -- Partnerships: Introduction to forms of business and formation of partnerships -- Operation of partnerships and related forms -- Partners' dissociation and partnerships' dissolution and winding up -- Limited liability companies, limited partnerships and limited liability limited partnerships -- Corporations: History and nature of corporations -- Organization and financial structure of corporations -- Management of corporations -- Shareholders' rights and liabilities -- Securities regulation -- Legal and professional responsibilities of auditors, consultants and securities professionals -- Regulation of business: Administrative law -- The Federal trade commission act and consumer protection laws -- Antitrust: the Sherman Act -- The Clayton act, the Robinson-Patman act and antitrust exemptions and immunities -- Employment law -- Environmental regulation -- |
| 653 ## - INDEX TERM--UNCONTROLLED | |
| Uncontrolled term | Commercial law -- United States |
| -- | Business law -- United States |
| 700 ## - ADDED ENTRY--PERSONAL NAME | |
| Fuller form of name | Mallor, Jane P. |
| 942 ## - ADDED ENTRY ELEMENTS (KOHA) | |
| Source of classification or shelving scheme | Library of Congress Classification |
| Koha item type | Books |
| Withdrawn status | Lost status | Source of classification or shelving scheme | Damaged status | Not for loan | Home library | Current library | Shelving location | Date acquired | Source of acquisition | Total Checkouts | Full call number | Barcode | Date last seen | Price effective from | Koha item type |
|---|---|---|---|---|---|---|---|---|---|---|---|---|---|---|---|
| Library of Congress Classification | WISCONSIN INTERNATIONAL UNIVERSITY COLLEGE, GHANA KUMASI LIBRARY | WISCONSIN INTERNATIONAL UNIVERSITY COLLEGE, GHANA KUMASI LIBRARY | General Stacks | 23/10/2019 | WIUC | KF888.B97(15e) | K/375/375/19 | 03/02/2022 | 03/02/2022 | Books |
